Taylor Swift 104 - Statistics

General Stats
  • This quiz has been taken 9 times
  • The average score is 285 of 410
Answer Stats
Answer % Correct
a
100%
and
100%
can
100%
do
100%
for
100%
I
100%
if
100%
it
100%
love
100%
me
100%
then
100%
to
100%
you
100%
your
100%
get
83%
have
83%
here
83%
I'm
83%
i'm
83%
it's
83%
my
83%
no
83%
not
83%
on
83%
say
83%
so
83%
that
83%
the
83%
was
83%
where
83%
about
67%
all
67%
at
67%
bad
67%
blood
67%
did
67%
him
67%
how
67%
in
67%
is
67%
just
67%
knew
67%
like
67%
now
67%
of
67%
old
67%
one
67%
out
67%
tell
67%
they
67%
this
67%
town
67%
up
67%
us
67%
would
67%
alone
50%
back
50%
beam
50%
came
50%
can't
50%
clothes
50%
cloud
50%
come
50%
comes
50%
cosmic
50%
cryin'
50%
die
50%
difference
50%
down
50%
dust
50%
everything
50%
existence
50%
experiments
50%
field
50%
from
50%
fuck
50%
heavenstruck
50%
hollow
50%
hostile
50%
I'll
50%
leave
50%
lost
50%
make
50%
might
50%
moment
50%
naked
50%
nuts
50%
petulance
50%
pick
50%
really
50%
same
50%
seems
50%
sky
50%
sparkling
50%
starin'
50%
stay
50%
stranded
50%
take
50%
takeovers
50%
talk
50%
teenage
50%
than
50%
they'll
50%
think
50%
wakin'
50%
world
50%
bigger
33%
build
33%
'cause
33%
chosen
33%
closer
33%
dare
33%
exposures
33%
fort
33%
gym
33%
indecent
33%
leaving
33%
loved
33%
make
33%
planet
33%
romantic
33%
safe
33%
sent
33%
ship
33%
showed
33%
some
33%
somehow
33%
twin
33%
understand
33%
wavin'
33%
encounters
17%
No matching quizzes found
Score Distribution
Percent of People with Each Score
Percentile by Number Answered
Your Score History
You have not taken this quiz